Motor: fundamentos, sistema eléctrico y mantención. Guía de capacitación de servicio: Sistema eléctrico

Gardado en:
Detalles Bibliográficos
Autor Corporativo: KIA Motors (Author)
Formato: Libro
Idioma:Lingua castelá
Publicado: Santiago KIA Motors Corporation 2005
Subjects:
Tags: Engadir etiqueta
Sen Etiquetas, Sexa o primeiro en etiquetar este rexistro!

MARC

LEADER 00000nam a2200000 a 4500
001 UCH5892
003 CL-VaPUC
008 091105e20050000CL |||||||||||||||||spa|d
082 0 4 |a 629.2549  |b KIA  |2 21 
110 2 |a KIA Motors  |e author  |9 542289 
245 1 0 |a Motor: fundamentos, sistema eléctrico y mantención. Guía de capacitación de servicio: Sistema eléctrico  
300 |a 87 p 
942 |c BK 
945 |d 20091105 00:00:00  |a rbrito 
260 |a Santiago  |b KIA Motors Corporation  |c 2005 
650 7 |a MOTORES DE AUTOMOVILES  |2 CL-VaPUC  |9 364790 
650 0 |a Automóviles  |9 260871 
650 0 |a Sistema eléctrico  |9 527904 
650 7 |a MANTENCION  |2 CL-VaPUC  |9 413284 
650 7 |a ELECTRICIDAD AUTOMOTRIZ  |2 CL-VaPUC  |9 428680 
583 |a last modification  |c 20091105 00:00:00  |k Rodrigo Vera 
999 |c 336927  |d 336925